Städte in Belgien - Sudden Death - Statistiken

Allgemein
  • Dieses Quiz wurde 332 mal gespielt
  • Das Durchschnittsergebnis liegt bei 8 aus 16
Answers on the Grid
Answers color-coded by a green-red scale on the quiz's grid according to % correct below.
Brüssel
Lüttich
Gent
Brügge
Namur
Mons
Aalst
Hasselt
Sint-Niklaas
Löwen
Tournai
Kortrijk
Ypern
Huy
Charleroi
Lille
Venlo
Breda
Ettelbrück
Colmar
Thun
Amiens
Villach
Antwerpen
Angers
La Rochelle
Dover
Dordrecht
Meschede
Lausanne
 
Antwortstatistiken
Antwort % Korrekt
Brüssel
89%
Antwerpen
82%
Brügge
82%
Gent
77%
Lüttich
76%
Charleroi
62%
Löwen
48%
Ypern
45%
Hasselt
41%
Kortrijk
40%
Mons
40%
Sint-Niklaas
37%
Namur
36%
Tournai
32%
Aalst
28%
Huy
28%
Keine übereinstimmenden Quizze gefunden
Verteilung der Resultate
Anzahl Personen mit jedem Resultat
Perzentil nach korrekt beantworteten Fragen
Ihre Resultats-Entwicklung
Sie haben dieses Quiz noch nicht gespielt